| 000 | | | 05504nac2a22003733x 450 |
| 001 | | | 52068ef8-838f-4856-947e-4d490c422ab5 |
| 005 | | | 20250805131703.0 |
| 100 | ## | $a | 20250619l19351935k y0rusy50 ca |
| 101 | 0# | $a | rus |
| 102 | ## | $a | RU |
| 105 | ## | $a | y z ||||| |
| 122 | 2# | $a | d19350929 |
| | $a | d19351228 |
| 200 | 1# | $a | Постановление ЦИК и СНК СССР об увековечении памяти К. Э. Циолковского и о переименовании гор. Калуги в г. Циолковск |
| | $j | 29.09.1935 - 28.12.1935 |
| 215 | ## | $a | 10 листов |
| | $d | 35,6 х 24,2 |
| 251 | ## | $c | Дело |
| 300 | ## | $a | Заголовок дела на папке: Постановление ЦИК и СНК СССР. Об увековечении памяти К. Э. Циолковского и о переименовании г. Калуги в г. Циолковск |
| 300 | ## | $a | Часть текста машинописная с рукописными пометками, часть - напечатана типографским способом |
| 324 | ## | $a | В деле имеются копии отдельных документов |
| 330 | ## | $a | Входит в раздел описи: Оргкомиссия |
| 461 | #0 | $1 | 001796d4672-8a00-4986-b488-6e42273792cc |
| | $1 | 2001 |
| | $a | ЦЕНТРАЛЬНЫЙ ИСПОЛНИТЕЛЬНЫЙ КОМИТЕТ СССР (ЦИК СССР). |
| | $1 | 251 |
| | $c | Фонд |
| | $1 | 852 |
| | $g | Р |
| | $j | 3316 |
| 462 | #0 | $1 | 001b2b03070-aa26-4135-b154-6f52ec7c8bcd |
| | $1 | 2001 |
| | $a | Дела Секретариата Президиума ЦИК Союза ССР за 1935 год |
| | $v | Д. 68 |
| | $1 | 251 |
| | $c | Опись |
| | $1 | 852 |
| | $j | 28 |
| 517 | 1# | $a | Постановление ЦИК и СНК СССР. Об увековечении памяти К. Э. Циолковского и о переименовании г. Калуги в г. Циолковск |
| 600 | #1 | $a | Циолковский |
| | $b | К. Э. |
| 601 | 01 | $3 | RU\NLR\AUTH\880357276 |
| | $a | СССР |
| | $b | ЦИК |
| 601 | 01 | $3 | RU\NLR\AUTH\8810020782 |
| | $a | СССР |
| | $b | Совет Народных Комиссаров |
| 605 | ## | $3 | DITM\AF\0000002775 |
| | $a | Власть |
| | $l | коллекция |
| | $2 | acquisition_prlib |
| 607 | ## | $a | Калуга, город |
| 607 | ## | $a | Циолковск, город |
| 610 | 1# | $a | Постановление |
| | $a | Увековечение памяти |
| | $a | Переименование |
| 686 | ## | $a | 67.401.011.12ю1 |
| | $c | Право |
| | $2 | rubbk |
| 686 | ## | $a | 63.3(2)614-332ю1 |
| | $c | История |
| | $2 | rubbk |
| 801 | #0 | $a | RU |
| | $b | GA_RF |
| 801 | #1 | $a | RU |
| | $b | ГлавНИВЦ |
| | $c | 20250619 |
| | $2 | rusmarc |
| 801 | #2 | $a | RU |
| | $b | ПБ им. Б.Н. Ельцина |
| | $c | 20250805 |
| | $g | RCR |
| | $2 | rusmarc |
| 852 | ## | $a | ГА РФ |
| | $j | 68 |
| 937 | ## | $d | 197768885 |
| | $h | ГАРФ |
| 035 | ## | $a | RuPRLIB51080271 |
| 856 | ## | $u | http://readingroom.main.prlib.ru/item.aspx?id_node=n197768885&mode=full |